000 00376nam a2200157Ia 4500
008 210716s9999 xx 000 0 und d
020 _a8178811960
041 _aeng
082 _a332.17 SEEK
100 _aICFAI.
245 _aSecurities markets and instruments.
250 _a1
260 _aHyderabad
_bICFAI University Press
300 _avii,202
650 _aFinance
999 _c202419
_d202419